| 000 | 01712nam a22003617a 4500 | ||
|---|---|---|---|
| 001 | 42835 | ||
| 003 | gtgccic | ||
| 005 | 20250804112221.0 | ||
| 007 | ta | ||
| 008 | 250731b mx ||||| |||| 00| 0 spa d | ||
| 020 | _a968243615 | ||
| 040 |
_agtgccic _bspa _cgtgccic _dgtgccic _erda |
||
| 082 | _a691 D333 | ||
| 100 | 1 |
_aGaspar de la Garza _eAutor |
|
| 245 |
_aMateriales y construcción / _cGarza, Gaspar de la |
||
| 264 |
_aMéxico : _bEditorial Trillas ; _c1991. |
||
| 300 |
_a117 p. : _bil. _c27 cm |
||
| 336 |
_2rdacontenido _atexto _btxt |
||
| 337 |
_2rdamedio _asin mediación _bn |
||
| 338 |
_2rdasoporte _avolumen _bnc |
||
| 505 |
_gCap. 1. _tESTUDIOS PRELIMINARES |
||
| 505 |
_gCap. 2. _tTRABAJOS INICIALES DE LA CONSTRUCCIÓN |
||
| 505 |
_gCap. 3. _tTRASMISIÓN DE CARGAS A LA CIMENTACIÓN |
||
| 505 |
_gCap. 4. _tESTRUCTURAS |
||
| 505 |
_gCap. 5. _tAPLICACIÓN DE MATERIALES EN LA OBRA |
||
| 505 |
_gCap. 6. _tESPECIFICACIONES DE CONSTRUCCIÓN |
||
| 505 |
_gApéndice _tCÁLCULO DE LOSAS |
||
| 520 | _aConstruir con seguridad, confort, funcionalidad y estética, es una necesidad de toda ciudad moderna, ¿pero qué elementos influyen en el tipo de construcción que se pretende erigir?, cuál es el sistema constructivo idóneo?, ¿qué clase de cimentación se debe hacer? Las respuestas a estas y otras interrogantes por el estilo, se encuentran en Materiales y construcción, un texto cuyo propósito es familiarizar a los estudiantes de ingeniería, así como al personal técnico que trabaja en la construcción, con los conocimientos necesarios para iniciar y guiar una obra. | ||
| 650 | _aMATERIALES | ||
| 650 | _aINGENIERÍA DE LA CONSTRUCCIÓN | ||
| 942 |
_2ddc _cBK _n0 |
||
| 945 | _aamlo | ||
| 999 |
_c755 _d755 |
||